Kadra reprezentacji Holandii - MŚ 2014 - Statystyki

Ogólne statystyki
  • Ten quiz został rozwiązany 29 razy
  • Średni wynik to 10 z 24
Statystyki odpowiedzi
Nr Zawodnik Poz % Poprawnych
11 Arjen Robben PO
88%
1 Jasper Cillessen BR
88%
9 Robin van Persie NA
88%
23 Tim Krul BR
83%
6 Nigel de Jong PO
79%
10 Wesley Sneijder PO
75%
21 Memphis Depay NA
67%
5 Daley Blind OB
58%
15 Dirk Kuyt NA
58%
# Louis van Gaal Trener
58%
19 Klaas-Jan Huntelaar NA
50%
2 Ron Vlaar OB
38%
20 Georginio Wijnaldum PO
33%
3 Stefan de Vrij OB
33%
22 Michel Vorm BR
25%
4 Bruno Martins Indi OB
21%
18 Leroy Fer PO
21%
17 Jeremain Lens NA
17%
13 Joël Veltman OB
17%
8 Jonathan de Guzmán PO
13%
16 Jordy Clasie PO
13%
14 Terence Kongolo OB
13%
7 Daryl Janmaat OB
8%
12 Paul Verhaegh OB
4%
Nie znaleziono quizów pasujących do podanych kryteriów
Rozkład punktacji
Procent ludzi z każdym wynikiem
Percentyl według liczby udzielonych odpowiedzi
Twoja historia wyników
Nie rozwiązałeś tego quizu